00330nam a2200121 a 4500008004100000050001600041100001900057245004200076260003500118300002400153350000900177700002200186120416s1982 ||||||||||||||||| || u aHF 5726 Bru aOliu, Walter E14aThe business writer's handbook, 1982. aNew YorkbSt. Martin's Pc1982 axxxii, 652p. : ill. a0.00 aBrusaw, Charles T